Elementary mechanics of solids (Record no. 4447)

000 -LEADER
fixed length control field 00558nam a2200217 a 4500
001 - CONTROL NUMBER
control field 4447
003 - CONTROL NUMBER IDENTIFIER
control field BD-DhUET
008 - FIXED-LENGTH DATA ELEMENTS--GENERAL INFORMATION
fixed length control field 810420t19811980nyua b 001 0 eng
020 ## - INTERNATIONAL STANDARD BOOK NUMBER
International Standard Book Number 085226819X
040 ## - CATALOGING SOURCE
Original cataloging agency DLC
Transcribing agency DLC
Modifying agency BD-DhUET
082 ## - DEWEY DECIMAL CLASSIFICATION NUMBER
Classification number 531
Item number SIN/1980
100 ## - MAIN ENTRY--PERSONAL NAME
Personal name Singh, Pashupati Nath
245 10 - TITLE STATEMENT
Title Elementary mechanics of solids
250 ## - EDITION STATEMENT
Edition statement 1st ed.
260 ## - PUBLICATION, DISTRIBUTION, ETC. (IMPRINT)
Place of publication, distribution, etc. New Delhi
Name of publisher, distributor, etc. Wiley Eastern
Date of publication, distribution, etc. 1980
300 ## - PHYSICAL DESCRIPTION
Extent xvi, 616p.
Other physical details ill.
504 ## - BIBLIOGRAPHY, ETC. NOTE
Bibliography, etc Includes bibliographies
650 #0 - SUBJECT ADDED ENTRY--TOPICAL TERM
Topical term or geographic name as entry element Mechanics of solids
700 ## - ADDED ENTRY--PERSONAL NAME
Personal name Jha, Prem Kumar
942 ## - ADDED ENTRY ELEMENTS (KOHA)
Koha item type General Book
Holdings
Piece designation (barcode) Damaged status Not for loan Koha normalized classification for sorting Koha date last seen Lost status Source of classification or shelving scheme Location (home branch) Shelving location Withdrawn status Price effective from Copy number Koha item type Date acquired Koha full call number Sublocation or collection (holding branch)
59249  531_000000000000000_SIN_19802014-11-16  Central Library, BUETCirculation section 2014-11-161General Book2014-11-16531/SIN/1980Central Library, BUET
59250  531_000000000000000_SIN_19802015-03-10  Central Library, BUETCirculation section 2015-03-102General Book2015-03-10531/SIN/1980Central Library, BUET
59252  531_000000000000000_SIN_19802015-03-10  Central Library, BUETCirculation section 2015-03-103General Book2015-03-10531/SIN/1980Central Library, BUET
59245  531_000000000000000_SIN_19802015-03-10  Central Library, BUETCirculation section 2015-03-104General Book2015-03-10531/SIN/1980Central Library, BUET
59246  531_000000000000000_SIN_19802015-03-10  Central Library, BUETCirculation section 2015-03-105General Book2015-03-10531/SIN/1980Central Library, BUET
   531_000000000000000_SIN_19802015-03-11  Central Library, BUET  2015-03-116General Book2015-03-11531/SIN/1980Central Library, BUET
59248  531_000000000000000_SIN_19802015-03-11  Central Library, BUETCirculation section 2015-03-117General Book2015-03-11531/SIN/1980Central Library, BUET
57348  531_000000000000000_SIN_19802015-03-11  Central Library, BUETCirculation section 2015-03-118General Book2015-03-11531/SIN/1980Central Library, BUET
55367  531_000000000000000_SIN_19802016-03-27  Central Library, BUETCirculation section 2015-03-229General Book2015-03-22531/SIN/1980Central Library, BUET
59244  531_000000000000000_SIN_19802015-06-08  Central Library, BUETReading section 2015-06-0810Reading Item2015-06-08531/SIN/1980Central Library, BUET
59243  531_000000000000000_SIN_19802015-06-08  Central Library, BUETReading section 2015-06-0811Reading Item2015-06-08531/SIN/1980Central Library, BUET